Die deutschen Torschützen bei der Fußball-Europameisterschaft 2012 - Statistiken

Allgemein
  • Dieses Quiz wurde 64 mal gespielt
  • Das Durchschnittsergebnis liegt bei 8 aus 10
Antwortstatistiken
Spiel Minute Torschütze % Korrekt
Deutschland - Portugal 1-0 72' Mario Gómez
95%
Niederlande - Deutschland 1-2 24' Mario Gómez
95%
Niederlande - Deutschland 1-2 38' Mario Gómez
95%
Deutschland - Griechenland 4-2 68' Miroslav Klose
90%
Deutschland - Italien 1-2 90+2' Mesut Özil
85%
Dänemark - Deutschland 1-2 19' Lukas Podolski
82%
Deutschland - Griechenland 4-2 39' Philipp Lahm
79%
Deutschland - Griechenland 4-2 61' Sami Khedira
70%
Deutschland - Griechenland 4-2 74' Marco Reus
62%
Dänemark - Deutschland 1-2 80' Lars Bender
49%
Keine übereinstimmenden Quizze gefunden
Verteilung der Resultate
Anzahl Personen mit jedem Resultat
Perzentil nach korrekt beantworteten Fragen
Ihre Resultats-Entwicklung
Sie haben dieses Quiz noch nicht gespielt